VfL Wolfsburg Squad 2023-2024 - Statistics

General Stats
  • This quiz has been taken 48 times
    13 since last reset
  • The average score is 23 of 32
Answer Stats
# Position Nation Player % Correct
6 MF Belgium Aster Vranckx
100%
23 FW Denmark Jonas Wind
100%
1 GK Belgium Koen Casteels
100%
32 MF Sweden Mattias Svanberg
100%
4 DF France Maxence Lacroix
100%
27 MF Germany Maximilian Arnold
100%
39 FW Austria Patrick Wimmer
100%
16 FW Poland Jakub Kamiński
92%
40 MF United States Kevin Paredes
92%
19 MF Croatia Lovro Majer
92%
10 FW Germany Lukas Nmecha
92%
- Coach Croatia Niko Kovač
92%
3 DF Belgium Sebastiaan Bornauw
92%
7 FW Czech Republic Václav Černý
92%
12 GK Austria Pavao Pervan
85%
20 DF Germany Ridle Baku
85%
5 DF Switzerland Cédric Zesiger
77%
21 DF Denmark Joakim Mæhle
77%
11 FW Portugal Tiago Tomás
77%
17 FW Germany Kevin Behrens
69%
- Coach Austria Ralph Hasenhüttl
69%
13 DF Brazil Rogério
69%
31 MF Germany Yannick Gerhardt
69%
9 FW Sweden Amin Sarr
62%
2 DF Germany Kilian Fischer
62%
25 DF Germany Moritz Jenz
62%
30 GK Germany Niklas Klinger
23%
35 GK Germany Philipp Schulze
23%
8 DF France Nicolas Cozza
15%
18 FW Germany Dženan Pejčinović
8%
42 DF Germany Felix Lange
8%
26 FW United States Ulysses Llanez
8%
No matching quizzes found
Score Distribution
Percent of People with Each Score
Percentile by Number Answered
Your Score History
You have not taken this quiz since the last reset